Study on shramp by product utilization in concetrate on growth performance of quail at animal experimental station of rua, ការសិក្សាអំពីការប្រើប្រាស់អនុផលបង្គាជាចំណីផ្សំលើការលូតលាស់របស់ក្រូច នៅស្ថានីយ៍ចិញ្ចឹមសត្វនៃសាកលវិទ្យាល័យភុមិន្ទកសិកម្ម (Record no. 2161)

000 -LEADER
fixed length control field 00837nam a22001577a 4500
003 - CONTROL NUMBER IDENTIFIER
control field OSt
005 - DATE AND TIME OF LATEST TRANSACTION
control field 20151007153517.0
008 - FIXED-LENGTH DATA ELEMENTS--GENERAL INFORMATION
fixed length control field 151007b xxu||||| |||| 00| 0 eng d
040 ## - CATALOGING SOURCE
Transcribing agency RUA
082 ## - DEWEY DECIMAL CLASSIFICATION NUMBER
Classification number AVM THO 2006 B076 Or.1
100 ## - MAIN ENTRY--PERSONAL NAME
9 (RLIN) 2292
Personal name THONG, SAIYANN.
245 ## - TITLE STATEMENT
Title Study on shramp by product utilization in concetrate on growth performance of quail at animal experimental station of rua, ការសិក្សាអំពីការប្រើប្រាស់អនុផលបង្គាជាចំណីផ្សំលើការលូតលាស់របស់ក្រូច នៅស្ថានីយ៍ចិញ្ចឹមសត្វនៃសាកលវិទ្យាល័យភុមិន្ទកសិកម្ម
260 ## - PUBLICATION, DISTRIBUTION, ETC. (IMPRINT)
Place of publication, distribution, etc. Phnom Penh
Name of publisher, distributor, etc. RUA
Date of publication, distribution, etc. 2006
300 ## - PHYSICAL DESCRIPTION
Extent 31p.
Other physical details ill.
Dimensions 29cm.
942 ## - ADDED ENTRY ELEMENTS (KOHA)
Source of classification or shelving scheme
Koha item type AVM
Holdings
Price effective from Date last seen Permanent Location Not for loan Date acquired Source of classification or shelving scheme Koha item type Lost status Withdrawn status Date last checked out Total Checkouts Shelving location Damaged status Barcode Current Location Full call number
2015-10-072019-09-03Library Block B 2015-10-07 AVM  2019-02-133B076 RUA008940Library Block BAVM THO 2006 B076 Or.1
2015-10-072015-10-07Library Block B 2015-10-07 AVM    B076 RUA008793Library Block BAVM THO 2006 B076 Or.2
2015-10-072023-01-09Library Block B 2015-10-07 AVM  2022-12-201B076 RUA008794Library Block BAVM THO 2006 B076 Or.3
2015-10-072019-03-26Library Block B 2015-10-07 AVM  2019-02-121B076 RUA008792Library Block BAVM THO 2006 B076 Or.4
មជ្ឈមណ្ឌលឯការនៃសាកលវិទ្យាល័យភូមិន្ទកសិកម្មចំការដូង

Powered by Koha